Library Banner

Islam a brief guide/ (Record no. 97192)

MARC details
000 -LEADER
fixed length control field 00305nam a22001337a 4500
005 - DATE AND TIME OF LATEST TRANSACTION
control field 20170816113758.0
008 - FIXED-LENGTH DATA ELEMENTS--GENERAL INFORMATION
fixed length control field 170816b xxu||||| |||| 00| 0 eng d
040 ## - CATALOGING SOURCE
Transcribing agency PK-LaUMT
082 ## - DEWEY DECIMAL CLASSIFICATION NUMBER
Classification number ZIAC 297
Item number ISL-
245 ## - TITLE STATEMENT
Title Islam a brief guide/
260 ## - PUBLICATION, DISTRIBUTION, ETC. (IMPRINT)
Place of publication, distribution, etc Karachi:
Name of publisher, distributor, etc [ ]
Date of publication, distribution, etc [' ]
300 ## - PHYSICAL DESCRIPTION
Extent [ ]
942 ## - ADDED ENTRY ELEMENTS (KOHA)
Koha item type Books
Holdings
Withdrawn status Lost status Damaged status Home library Current library Date acquired Full call number Barcode Date last seen Price effective from Koha item type
      UMT Main Campus UMT Main Campus 2017-08-16 ZIAC 297 ISL- 112922 2017-08-16 2017-08-16 Books